Which mentor? Thunderclan warrior edition - Statistics

General Stats
  • This quiz has been taken 15 times
  • The average score is 51 of 124
Answer Stats
Characters Mentor % Correct
Brambleclaw | Cinderpelt | Cloudtail Firestar
100%
Darkstripe | Ravenpaw Tigerstar
100%
Thistleclaw Adderfang
75%
Firestar | Frostfur | Runningwind Bluestar
75%
Hollyleaf | Sorrelstripe | Tawnypelt | Whitewing Brackenfur
75%
Berrynose Brambleclaw
75%
Cinderheart | Rainwhisker | Toadstep Cloudtail
75%
Ferncloud | Longtail Darkstripe
75%
Ashfur | Hazeltail | Squirrelstar Dustpelt
75%
Brackenfur Graystripe
75%
Dovewing Lionblaze
75%
Graystripe Lionheart
75%
Sootfur | Swiftpaw Longtail
75%
Foxleap | Rosepetal | Stormcloud Squirrelstar
75%
Briarlight | Poppyfrost | Shrewpaw Thornclaw
75%
Brightheart | Sandstorm Whitestorm
75%
Eaglewing Ambermoon
50%
Birchfall | Lionblaze Ashfur
50%
Hollytuft Blossomfall
50%
Jayfeather Brightheart
50%
Sparkpelt Cherryfall
50%
Fernstripe Crowfeather
50%
Shinepaw Flipclaw
50%
Flipclaw Hollytuft
50%
Alderheart | Honeyfur | Stemtail Molewhisker
50%
Spiderleg | Thornclaw Mousefur
50%
Bayshine | Bumblestripe | Plumstone Mousewhisker
50%
Dustpelt | Mousefur Redtail
50%
Leopardfoot Robinwing
50%
Bristlefrost | Fernsong | Larksong | +2 others Rosepetal
50%
Honeyfern | Sorreltail Sandstorm
50%
One-eye | Sweetpaw Smallear
50%
Ambermoon | Mousewhisker Spiderleg
50%
Lionheart Swiftbreeze
50%
Spottedleaf Thrushpelt
50%
Flywhisker Twigbranch
50%
Flowerpaw Birchface
25%
Finchlight | Ivypool Cinderheart
25%
Goldenflower Dappletail
25%
Thriftear Dewnose
25%
Daisytoe Doestar
25%
Graywhisker Finchlight
25%
Goldenpaw | Snaptooth Finleap
25%
Adderfang Harepounce
25%
Blossomfall Hazeltail
25%
Snowbush | Twigbranch Ivypool
25%
Spotfur Leafshade
25%
Nightheart Lilyheart
25%
Whitestorm Patchpelt
25%
Willowpelt Poppydawn
25%
Stormtail Rooktail
25%
Brindleface Stormtail
25%
Moonpaw Sunbeam
25%
Rosetail Tawnyspots
25%
Tigerstar Thistleclaw
25%
Dewnose | Icecloud Whitewing
25%
Dappletail | Moonflower | Swiftbreeze Windflight
25%
Bristleclaw Bayshine
0%
Mapleshade Bloomheart
0%
Leafshade | Seedpaw | Shellfur Bumblestripe
0%
Nettlebreeze Deerdapple
0%
Yellowfang Deerleap
0%
Myrtlebloom Eaglewing
0%
Cherryfall Foxleap
0%
Patchpelt Fuzzypelt
0%
Redtail | Snowfur Halftail
0%
Smallear Hollypelt
0%
Finleap Larksong
0%
Apple blossom Lightning tail
0%
Pinestar Mistpelt
0%
Rabbitleap | Robinwing Mumblefoot
0%
Flashnose Nettlebreeze
0%
Wafflepelt Nightheart
0%
Snail shell Owlstar
0%
Lilyheart Poppyfrost
0%
Owlpaw Rosebush
0%
Sunbeam Snaketooth
0%
Littlestep | Rockfall Squirrelwhisker
0%
Bluestar Stonepelt
0%
Palepaw Swiftwing
0%
No matching quizzes found
Score Distribution
Percent of People with Each Score
Percentile by Number Answered
Your Score History
You have not taken this quiz